| 000 | 00645nam a2200217Ia 4500 | ||
|---|---|---|---|
| 005 | 20260415173414.0 | ||
| 008 | 008 250505s9999 xx 000 0 eng d | ||
| 020 | _a978-1-032-52709-3 | ||
| 037 | _aTextBook | ||
| 040 |
_aFEDL _beng _cFEDL |
||
| 041 |
_aeng _2eng |
||
| 084 |
_a306.45 THO/R _qFEDL |
||
| 100 |
_aThomas Renny _9783676 |
||
| 245 | 0 | _aScience and religion in India: Beyond disenchantment | |
| 260 |
_aLondon, UK _bRoutledge _c2022 |
||
| 300 | _aix, 203p. | ||
| 365 |
_aINR _b995 |
||
| 490 | _aRoutledge Science and Religion; series | ||
| 942 |
_cTB _h306.45 THO/R |
||
| 999 |
_c1400102 _d1400102 |
||